[Event "Tata Steel Masters 2019"]
[Site "Wijk aan Zee NED"]
[Date "2019.01.22"]
[Round "9"]
[White "Shankland, S."]
[Black "Carlsen, M."]
[Result "1/2-1/2"]
[WhiteElo "2725"]
[BlackElo "2835"]
[PlyCount "80"]
[EventDate "2019.01.11"]

1. d4 d5 2. c4 e6 3. Nc3 a6 4. cxd5 exd5 5. Nf3 h6 6. Bf4 Nf6 7. e3 Bd6 8. Bxd6
Qxd6 9. Qc2 O-O 10. Bd3 Re8 11. h3 Be6 12. O-O Nbd7 13. a4 Rac8 14. Rfc1 c5 15.
dxc5 Nxc5 16. Nd4 Bd7 17. Qd1 Rc7 18. Bc2 Rec8 19. Nde2 Ne6 20. Bb3 Bc6 21. Nd4
Qb4 22. Nce2 Bd7 23. Rxc7 Rxc7 24. Qe1 Qxe1+ 25. Rxe1 Nc5 26. Rc1 a5 27. Bc2
Kf8 28. b3 Na6 29. f3 Nb4 30. Kf2 Ne8 31. Ke1 Nd6 32. Bb1 Rxc1+ 33. Nxc1 Ke7
34. Bd3 Kf6 35. h4 b6 36. Kd2 Ke5 37. g4 g5 38. hxg5 hxg5 39. Nce2 Nxd3 40.
Kxd3 Nb7 1/2-1/2

[Event "Tata Steel Masters 2019"]
[Site "Wijk aan Zee NED"]
[Date "2019.01.22"]
[Round "9"]
[White "Mamedyarov, S."]
[Black "Duda, J."]
[Result "1/2-1/2"]
[WhiteElo "2817"]
[BlackElo "2738"]
[PlyCount "61"]
[EventDate "2019.01.11"]

1. d4 Nf6 2. c4 e6 3. Nf3 d5 4. Nc3 dxc4 5. e4 Bb4 6. Bxc4 Nxe4 7. O-O Nf6 8.
Qa4+ Nc6 9. Bg5 Bxc3 10. bxc3 O-O 11. Ne5 Qd6 12. Rfe1 Nd5 13. Bxd5 exd5 14.
Nxc6 Qxc6 15. Qxc6 bxc6 16. Bf4 Bf5 17. Bxc7 Rfe8 18. f3 f6 19. Kf2 Kf7 20.
Rxe8 Rxe8 21. Re1 Rxe1 22. Kxe1 a6 23. a3 h5 24. h4 Ke6 25. Bh2 Kd7 26. Bb8 Ke6
27. Bh2 Kd7 28. Bb8 Ke6 29. Bh2 Kd7 30. Bb8 Ke6 31. Bh2 1/2-1/2

[Event "Tata Steel Masters 2019"]
[Site "Wijk aan Zee NED"]
[Date "2019.01.22"]
[Round "9"]
[White "Nepomniachtchi, I."]
[Black "Vidit, S."]
[Result "1-0"]
[WhiteElo "2763"]
[BlackElo "2695"]
[PlyCount "73"]
[EventDate "2019.01.11"]

1. e4 e5 2. Nf3 Nf6 3. Nxe5 d6 4. Nd3 Nxe4 5. Qe2 Qe7 6. Nf4 Nc6 7. c3 Nc5 8.
d4 Qxe2+ 9. Bxe2 Ne6 10. d5 Nxf4 11. Bxf4 Ne5 12. Na3 Bf5 13. Nb5 O-O-O 14.
Nxa7+ Kb8 15. Nb5 Nd3+ 16. Bxd3 Bxd3 17. a4 Bc4 18. O-O-O Bb3 19. Rd2 Bxa4 20.
Nd4 Be7 21. b3 Be8 22. Ra2 Bf6 23. Rd1 Bxd4 24. Rxd4 Bd7 25. c4 b6 26. b4 Kb7
27. c5 dxc5 28. bxc5 c6 29. cxb6 cxd5 30. Be3 Ra8 31. Ra7+ Rxa7 32. bxa7 Bc6
33. Rg4 Rg8 34. Kd2 Kc7 35. Rb4 Bb7 36. Bb6+ Kc6 37. Ba5 1-0

[Event "Tata Steel Masters 2019"]
[Site "Wijk aan Zee NED"]
[Date "2019.01.22"]
[Round "9"]
[White "Rapport, R."]
[Black "Anand, V."]
[Result "1/2-1/2"]
[WhiteElo "2731"]
[BlackElo "2773"]
[PlyCount "83"]
[EventDate "2019.01.11"]

1. d4 Nf6 2. Nf3 d5 3. c4 e6 4. Nc3 Be7 5. g3 dxc4 6. Bg2 O-O 7. Ne5 c5 8. dxc5
Qxd1+ 9. Nxd1 Bxc5 10. Bd2 Nc6 11. Nxc4 Nd5 12. Rc1 b6 13. Nce3 Nce7 14. b4
Bxe3 15. Nxe3 Ba6 16. Nxd5 Nxd5 17. f3 Bb5 18. Kf2 Rfd8 19. a3 Rd7 20. Rhd1 Ba4
21. Re1 Rad8 22. e4 Nc7 23. Bf4 Nb5 24. Bf1 h6 25. h4 Nd4 26. h5 f6 27. Bc4 Kf7
28. Re3 Nb5 29. g4 Rd1 30. Rxd1 Rxd1 31. Bb8 a6 32. e5 Rd4 33. Bxb5 Bxb5 34.
exf6 gxf6 35. Bc7 Rd2+ 36. Ke1 Rc2 37. Bxb6 e5 38. Bc5 Ra2 39. Rc3 e4 40. Bd4
Re2+ 41. Kd1 Rg2 42. fxe4 1/2-1/2

[Event "Tata Steel Masters 2019"]
[Site "Wijk aan Zee NED"]
[Date "2019.01.22"]
[Round "9"]
[White "Giri, A."]
[Black "Van Foreest, Jorden"]
[Result "1/2-1/2"]
[WhiteElo "2783"]
[BlackElo "2612"]
[PlyCount "59"]
[EventDate "2019.01.11"]

1. c4 c5 2. g3 Nc6 3. Bg2 g6 4. Nc3 Bg7 5. b3 e6 6. Ba3 d6 7. e3 Nge7 8. Nge2
O-O 9. O-O Nf5 10. d3 Qd7 11. Rc1 Rd8 12. Qd2 b6 13. d4 cxd4 14. exd4 d5 15.
cxd5 Ncxd4 16. dxe6 Nf3+ 17. Bxf3 Qxd2 18. exf7+ Kxf7 19. Bxa8 Bf8 20. Rcd1
Bxa3 21. Rxd2 Rxd2 22. Bd5+ Kg7 23. Rd1 Rxd1+ 24. Nxd1 Bc5 25. Kg2 Nd4 26. Nec3
b5 27. Ne4 Be7 28. f3 Nc2 29. Kf2 Bd8 30. Nd6 1/2-1/2

[Event "Tata Steel Masters 2019"]
[Site "Wijk aan Zee NED"]
[Date "2019.01.22"]
[Round "9"]
[White "Kramnik, V."]
[Black "Ding Liren"]
[Result "1/2-1/2"]
[WhiteElo "2777"]
[BlackElo "2813"]
[PlyCount "88"]
[EventDate "2019.01.11"]

1. Nf3 d5 2. d4 Nf6 3. c3 c5 4. e3 e6 5. Nbd2 Nbd7 6. Bd3 b6 7. Qe2 Bb7 8. O-O
Be7 9. b3 O-O 10. Bb2 Rc8 11. Rac1 Bd6 12. c4 cxd4 13. exd4 Qe7 14. Ne5 Ba3 15.
Bxa3 Qxa3 16. f4 g6 17. Ndf3 dxc4 18. bxc4 Qd6 19. Qe3 Bxf3 20. Nxf3 Rfd8 21.
Rcd1 Nb8 22. Kh1 Nc6 23. Be2 Kg7 24. Qc1 h5 25. Qa1 Ne7 26. Ne5 Nf5 27. Rd3 Kg8
28. Bf3 Nd7 29. c5 Qc7 30. Nc6 Re8 31. Ra3 a5 32. cxb6 Qxb6 33. Rc1 Nf6 34.
Rac3 Nd5 35. Rc5 Nxf4 36. Qc3 a4 37. Qd2 Nd5 38. h3 Kg7 39. Qf2 h4 40. Kg1 Rc7
41. Qe1 Rec8 42. Bxd5 exd5 43. Qb4 Qa6 44. Ne7 Rxc5 1/2-1/2

[Event "Tata Steel Masters 2019"]
[Site "Wijk aan Zee NED"]
[Date "2019.01.22"]
[Round "9"]
[White "Radjabov, T."]
[Black "Fedoseev, Vl3"]
[Result "0-1"]
[WhiteElo "2757"]
[BlackElo "2724"]
[PlyCount "168"]
[EventDate "2019.01.11"]

1. c4 c6 2. d4 d5 3. Nf3 Nf6 4. Nc3 a6 5. e3 Bf5 6. Qb3 Ra7 7. Nh4 Bc8 8. Bd2
e6 9. c5 Nbd7 10. Nf3 e5 11. Nxe5 Nxe5 12. dxe5 Nd7 13. Na4 Bxc5 14. Nxc5 Nxc5
15. Qc2 Ne4 16. Bd3 Nxd2 17. Qxd2 O-O 18. O-O f6 19. exf6 Qxf6 20. e4 dxe4 21.
Bxe4 Be6 22. b3 Raa8 23. Qc2 g6 24. Rad1 Rad8 25. Rfe1 Kg7 26. Rd2 Rxd2 27.
Qxd2 Rd8 28. Qc2 Qd4 29. h3 Qb4 30. Re2 Bf7 31. Bf3 Rd4 32. g3 Qd6 33. Kg2 Kg8
34. h4 a5 35. Qb2 b6 36. Qc3 c5 37. Qe3 Qf6 38. Qc3 Qd8 39. Qe3 Qd6 40. Qg5 Kg7
41. Qe7 Rd3 42. Qb7 Qf6 43. Bc6 Kf8 44. Qb8+ Rd8 45. Qb7 Rd6 46. Bf3 h5 47.
Qa8+ Kg7 48. Qb7 Kf8 49. Qa8+ Qd8 50. Qb7 Rd7 51. Qc6 Kg7 52. Qe4 Rd3 53. Qb7
Qd7 54. Re7 Qxb7 55. Rxb7 Rd6 56. Be4 Kf6 57. Kf3 c4 58. bxc4 Bxc4 59. a3 Ke5
60. Ke3 Bd5 61. f4+ Ke6 62. Rb8 Bxe4 63. Kxe4 Rc6 64. a4 Rc4+ 65. Kf3 Rc3+ 66.
Ke4 Rb3 67. Rg8 Kf7 68. Rb8 Kf6 69. Rf8+ Ke7 70. Rg8 Rxg3 71. Ke5 Re3+ 72. Kd4
Rg3 73. Ke5 Kf7 74. Rb8 Re3+ 75. Kd4 Re6 76. Kd5 Ke7 77. Rg8 Rd6+ 78. Ke5 Kd7
79. Rg7+ Kc6 80. Rg8 Kc5 81. Rc8+ Rc6 82. Rxc6+ Kxc6 83. Kf6 b5 84. axb5+ Kd6
0-1

[Event "Tata Steel Masters 2019"]
[Site "Wijk aan Zee NED"]
[Date "2019.01.23"]
[Round "10"]
[White "Duda, J."]
[Black "Rapport, R."]
[Result "0-1"]
[WhiteElo "2738"]
[BlackElo "2731"]
[PlyCount "82"]
[EventDate "2019.01.11"]

1. d4 Nf6 2. Bg5 d5 3. Bxf6 exf6 4. e3 Be6 5. Nd2 c6 6. Ngf3 b5 7. a4 b4 8. a5
Bd6 9. c4 bxc3 10. bxc3 O-O 11. Be2 f5 12. O-O Nd7 13. Qa4 c5 14. c4 Nf6 15.
Nb3 Ne4 16. Nxc5 Bxc5 17. dxc5 Rc8 18. c6 Nc3 19. Qc2 Nxe2+ 20. Qxe2 Rxc6 21.
cxd5 Bxd5 22. Nd4 Rc5 23. Qd2 Qg5 24. f3 Rfc8 25. Rfc1 g6 26. Rxc5 Rxc5 27. Rb1
h5 28. Rb8+ Kh7 29. Re8 Qf6 30. Rb8 Qa6 31. Nb3 Bxb3 32. Qd8 Rc1+ 33. Kf2 Qf1+
34. Kg3 f4+ 35. Kxf4 Rc4+ 36. Kg3 Qe1+ 37. Kh3 Rc8 38. Rxc8 Be6+ 39. g4 hxg4+
40. fxg4 Qxe3+ 41. Kh4 Qf2+ 0-1

[Event "Tata Steel Masters 2019"]
[Site "Wijk aan Zee NED"]
[Date "2019.01.23"]
[Round "10"]
[White "Ding Liren"]
[Black "Mamedyarov, S."]
[Result "1/2-1/2"]
[WhiteElo "2813"]
[BlackElo "2817"]
[PlyCount "91"]
[EventDate "2019.01.11"]

1. d4 Nf6 2. c4 g6 3. g3 c6 4. Bg2 d5 5. cxd5 cxd5 6. Nf3 Bg7 7. Ne5 O-O 8. Nc3
Bf5 9. O-O Ne4 10. g4 Be6 11. Nxe4 dxe4 12. Bxe4 Nc6 13. Nxc6 bxc6 14. e3 Qd7
15. Bf3 Rab8 16. b3 c5 17. Bb2 c4 18. Qe2 cxb3 19. axb3 Rxb3 20. Rfc1 Rfb8 21.
Bc3 Bd5 22. h3 Qc6 23. Bxd5 Qxd5 24. Qf1 R8b7 25. Be1 h6 26. Qg2 Qb5 27. Qc6
Qxc6 28. Rxc6 e5 29. dxe5 Bxe5 30. Rac1 Rb1 31. Kg2 Rxc1 32. Rxc1 Rc7 33. Rb1
Bc3 34. Bxc3 Rxc3 35. Ra1 Rc7 36. h4 g5 37. Kg3 Kg7 38. Ra5 Kg6 39. Ra6+ Kg7
40. h5 Rb7 41. Kf3 Rc7 42. Ra3 Rb7 43. e4 Kf6 44. Ke3 Rd7 45. Ra6+ Kg7 46. f3
1/2-1/2

[Event "Tata Steel Masters 2019"]
[Site "Wijk aan Zee NED"]
[Date "2019.01.23"]
[Round "10"]
[White "Fedoseev, Vl3"]
[Black "Giri, A."]
[Result "0-1"]
[WhiteElo "2724"]
[BlackElo "2783"]
[PlyCount "82"]
[EventDate "2019.01.11"]

1. e4 c5 2. Nc3 d6 3. Nge2 Nf6 4. g3 g6 5. Bg2 Nc6 6. d3 Bg7 7. h3 O-O 8. Be3
Rb8 9. f4 Ne8 10. a4 Nd4 11. O-O Nc7 12. g4 a6 13. Rb1 Bd7 14. Ng3 b5 15. axb5
axb5 16. Nce2 b4 17. f5 e6 18. Nxd4 cxd4 19. Bf4 e5 20. Bd2 Bf6 21. Kh2 b3 22.
Ra1 Bb5 23. Ra3 bxc2 24. Qxc2 Na6 25. b4 Bg5 26. Rf3 Rb6 27. Qa2 Bf4 28. Bxf4
exf4 29. Ne2 Nxb4 30. Qd2 d5 31. Nxf4 Nxd3 32. Nxd5 Qd6+ 33. Rg3 Qxa3 34. Nxb6
Qd6 35. Nd5 Bc4 36. f6 Bxd5 37. Qxd3 Be6 38. Kg1 Bc4 39. Qf3 d3 40. e5 Qxe5 41.
Qe3 Re8 0-1

[Event "Tata Steel Masters 2019"]
[Site "Wijk aan Zee NED"]
[Date "2019.01.23"]
[Round "10"]
[White "Shankland, S."]
[Black "Radjabov, T."]
[Result "1/2-1/2"]
[WhiteElo "2725"]
[BlackElo "2757"]
[PlyCount "61"]
[EventDate "2019.01.11"]

1. d4 Nf6 2. c4 e6 3. Nf3 d5 4. g3 Be7 5. Bg2 O-O 6. O-O dxc4 7. Qa4 a6 8. Qxc4
b5 9. Qc2 Bb7 10. Bd2 Be4 11. Qc1 c6 12. Rd1 Nbd7 13. Bg5 Rc8 14. Nbd2 Bg6 15.
Nb3 Qc7 16. Nc5 Nxc5 17. dxc5 Rfd8 18. b4 Rxd1+ 19. Qxd1 a5 20. a3 Rd8 21. Qe1
Be4 22. Rd1 Rxd1 23. Qxd1 axb4 24. axb4 Nd5 25. Bxe7 Qxe7 26. Qd4 Bxf3 27. Bxf3
e5 28. Qg4 Qe6 29. Qxe6 fxe6 30. Bxd5 exd5 31. f3 1/2-1/2

[Event "Tata Steel Masters 2019"]
[Site "Wijk aan Zee NED"]
[Date "2019.01.23"]
[Round "10"]
[White "Vidit, S."]
[Black "Kramnik, V."]
[Result "1-0"]
[WhiteElo "2695"]
[BlackElo "2777"]
[PlyCount "57"]
[EventDate "2019.01.11"]

1. d4 Nf6 2. c4 e6 3. Nc3 Bb4 4. f3 d5 5. a3 Bxc3+ 6. bxc3 c5 7. cxd5 exd5 8.
e3 c4 9. Ne2 Nc6 10. g4 Na5 11. Bg2 Nb3 12. Rb1 O-O 13. O-O b5 14. e4 dxe4 15.
fxe4 Nxc1 16. Qxc1 Bxg4 17. Nf4 Rb8 18. h3 Bd7 19. e5 Ne8 20. Qe3 Rb6 21. d5
Nc7 22. d6 Ne6 23. Nd5 Ra6 24. Rf5 Qh4 25. Rbf1 Rxa3 26. Ne7+ Kh8 27. Rxf7 Rxf7
28. Rxf7 Qh5 29. Qf4 1-0

[Event "Tata Steel Challengers 2019"]
[Site "Wijk aan Zee NED"]
[Date "2019.01.22"]
[Round "9"]
[White "Gledura, B."]
[Black "Paehtz, E."]
[Result "1-0"]
[WhiteElo "2615"]
[BlackElo "2477"]
[PlyCount "59"]
[EventDate "2019.01.11"]

1. Nf3 Nf6 2. c4 c6 3. Nc3 d5 4. e3 a6 5. d4 Bf5 6. Nh4 Bg4 7. Qc2 e6 8. h3 Bh5
9. g4 Nfd7 10. gxh5 Qxh4 11. Bd2 dxc4 12. Bxc4 Qxh5 13. Be2 Qh4 14. O-O-O Nb6
15. Rhg1 N8d7 16. Ne4 Qe7 17. Kb1 g6 18. h4 Qxh4 19. Ng5 Qh2 20. e4 Qd6 21. Bc3
Rc8 22. Qb3 Bg7 23. d5 cxd5 24. Bxg7 Rg8 25. Bd4 h6 26. e5 Qc7 27. Rc1 Nc4 28.
Ne4 Ndxe5 29. Nf6+ Kf8 30. Qb4+ 1-0

[Event "Tata Steel Challengers 2019"]
[Site "Wijk aan Zee NED"]
[Date "2019.01.22"]
[Round "9"]
[White "Praggnanandhaa, R."]
[Black "Korobov, A."]
[Result "1/2-1/2"]
[WhiteElo "2539"]
[BlackElo "2699"]
[PlyCount "102"]
[EventDate "2019.01.11"]

1. e4 e5 2. Nf3 Nc6 3. Bc4 Bc5 4. c3 Nf6 5. d3 a5 6. O-O d6 7. Nbd2 O-O 8. h3
Ba7 9. Re1 Ne7 10. Bb3 Ng6 11. Nf1 Nh5 12. Bg5 Qe8 13. Nxe5 Nxe5 14. d4 Nf6 15.
Bxf6 gxf6 16. dxe5 Qxe5 17. Qf3 Be6 18. Ne3 a4 19. Bd5 Kh8 20. Rad1 Rg8 21.
Bxe6 fxe6 22. Ng4 Qg5 23. Qxf6+ Qxf6 24. Nxf6 Raf8 25. e5 Bxf2+ 26. Kxf2 dxe5
27. g4 Rxf6+ 28. Kg3 Rgf8 29. Rxe5 R8f7 30. Rd8+ Kg7 31. Rg5+ Rg6 32. Ra5 Rgf6
33. Rg5+ Rg6 34. Kh4 Rxg5 35. Kxg5 h6+ 36. Kh5 Re7 37. Rd4 e5 38. Re4 b5 39. h4
c6 40. b3 a3 41. c4 Re8 42. g5 hxg5 43. hxg5 Rh8+ 44. Kg4 Rh2 45. Rxe5 Rxa2 46.
cxb5 cxb5 47. Rxb5 Rg2+ 48. Kf5 Rf2+ 49. Ke4 a2 50. Ra5 Rb2 51. Kf5 Rf2+
1/2-1/2

[Event "Tata Steel Challengers 2019"]
[Site "Wijk aan Zee NED"]
[Date "2019.01.22"]
[Round "9"]
[White "Kovalev, Vl"]
[Black "L'Ami, E."]
[Result "1/2-1/2"]
[WhiteElo "2687"]
[BlackElo "2643"]
[PlyCount "80"]
[EventDate "2019.01.11"]

1. e4 e6 2. d4 d5 3. exd5 exd5 4. Nf3 Nf6 5. Bd3 Bd6 6. Qe2+ Be6 7. Ng5 Qe7 8.
Nxe6 fxe6 9. Nd2 Nc6 10. Nf3 O-O 11. O-O e5 12. dxe5 Nxe5 13. Nxe5 Qxe5 14.
Qxe5 Bxe5 15. c3 c6 16. Bd2 Ng4 17. g3 Bc7 18. Be2 Nf6 19. c4 Bb6 20. cxd5 Rae8
21. Rae1 Ne4 22. Be3 Bxe3 23. fxe3 cxd5 24. Rc1 Nf6 25. Rc3 Re5 26. Bf3 g5 27.
Rd1 g4 28. Bg2 Kg7 29. Rd4 Rf7 30. Ra4 b6 31. Rf4 Rfe7 32. Kf2 Rh5 33. Kg1 Rhe5
34. Kf2 Rh5 35. Rc6 Rf7 36. Kg1 Re5 37. Kf2 Rh5 38. Kg1 Re5 39. Rc3 Rfe7 40.
Kf2 Rh5 1/2-1/2

[Event "Tata Steel Challengers 2019"]
[Site "Wijk aan Zee NED"]
[Date "2019.01.22"]
[Round "9"]
[White "Chigaev, M."]
[Black "Esipenko, Andrey"]
[Result "1/2-1/2"]
[WhiteElo "2604"]
[BlackElo "2584"]
[PlyCount "73"]
[EventDate "2019.01.11"]

1. e4 e5 2. Nf3 Nc6 3. Bc4 Bc5 4. O-O Nf6 5. d3 d6 6. c3 a6 7. a4 Ba7 8. Re1 h6
9. Nbd2 O-O 10. h3 Re8 11. Qb3 Qe7 12. a5 Nd8 13. Nf1 Be6 14. Be3 Bxc4 15. Qxc4
Bxe3 16. Nxe3 Ne6 17. d4 Ng5 18. Nxg5 hxg5 19. dxe5 dxe5 20. Nf5 Qd7 21. Qe2
Rad8 22. Rad1 Qe6 23. Qe3 Rxd1 24. Rxd1 g6 25. Ng3 Nh7 26. Qc5 Qe7 27. Qxe7
Rxe7 28. Rd8+ Kg7 29. Nf1 Nf8 30. Rb8 c6 31. Ne3 f6 32. Nc4 Rd7 33. g3 Ne6 34.
f3 Nc5 35. b4 Ne6 36. Nb6 Rc7 37. Rc8 1/2-1/2

[Event "Tata Steel Challengers 2019"]
[Site "Wijk aan Zee NED"]
[Date "2019.01.22"]
[Round "9"]
[White "Van Foreest, Lucas"]
[Black "Kuipers, S."]
[Result "0-1"]
[WhiteElo "2502"]
[BlackElo "2470"]
[PlyCount "126"]
[EventDate "2019.01.11"]

1. e4 e6 2. d4 d5 3. Nc3 Nf6 4. e5 Nfd7 5. f4 c5 6. Nf3 Nc6 7. Be3 a6 8. Ne2
Qb6 9. Qc1 Be7 10. c3 O-O 11. g3 a5 12. Bh3 a4 13. O-O Qa6 14. Qd1 cxd4 15.
cxd4 Nb6 16. g4 Nc4 17. Bc1 Qb6 18. Rb1 Na3 19. Ra1 Nc4 20. Kh1 f6 21. exf6
Bxf6 22. g5 Be7 23. g6 h6 24. Ng5 Rf6 25. Nh7 Rf5 26. Bxf5 exf5 27. Rg1 Bd7 28.
Rg3 Nd8 29. Ng1 Qe6 30. Nf3 Be8 31. Ne5 Nxe5 32. fxe5 f4 33. Bxf4 Qf5 34. Qg4
Qe4+ 35. Rg2 Ra6 36. Nf6+ gxf6 37. Bxh6 Qxg4 38. Rxg4 f5 39. Rg3 Bxg6 40. Rag1
Kf7 41. Bf4 Rc6 42. h3 Bf8 43. Bg5 Ne6 44. Bh6 Bxh6 45. Rxg6 Nxd4 46. Rd6 Be3
47. Re1 Rxd6 48. exd6 f4 49. h4 Nf5 50. d7 Ke7 51. Rd1 d4 52. h5 f3 53. Kh2
Kxd7 54. Kh3 Ke6 55. Kg4 f2 56. Kf3 Kf6 57. Rh1 Kg5 58. b3 a3 59. b4 b5 60. Kg2
Kg4 61. h6 Nxh6 62. Rh2 d3 63. Rh1 Nf5 0-1

[Event "Tata Steel Challengers 2019"]
[Site "Wijk aan Zee NED"]
[Date "2019.01.22"]
[Round "9"]
[White "Bareev, E."]
[Black "Keymer, Vincent"]
[Result "1/2-1/2"]
[WhiteElo "2650"]
[BlackElo "2500"]
[PlyCount "102"]
[EventDate "2019.01.11"]

1. d4 d5 2. Nf3 Nf6 3. c3 e6 4. Bf4 Bd6 5. Bg3 O-O 6. Nbd2 c5 7. e3 Qc7 8. Ne5
b6 9. Bd3 Ba6 10. Bxa6 Nxa6 11. Qe2 Nb8 12. Rd1 Nc6 13. Nxc6 Qxc6 14. Bxd6 Qxd6
15. e4 dxe4 16. Nxe4 Nxe4 17. Qxe4 Rad8 18. O-O Rd7 19. g3 Rfd8 20. Qe2 h6 21.
dxc5 Qxd1 22. Rxd1 Rxd1+ 23. Kg2 bxc5 24. Qb5 R1d5 25. h4 g5 26. hxg5 hxg5 27.
a4 Kg7 28. a5 Re5 29. b4 Rd2 30. g4 a6 31. Qc4 cxb4 32. cxb4 Ree2 33. Qc5 Kg6
34. Qb6 Re4 35. Kg3 Rd3+ 36. f3 Rf4 37. Qb7 Rb3 38. b5 axb5 39. a6 Ra3 40. a7
Rfa4 41. Qb8 Rxa7 42. Qg8+ Kf6 43. Qd8+ Ke5 44. Qxg5+ Kd6 45. Qxb5 R3a5 46.
Qb4+ Kc6 47. Qe4+ Rd5 48. g5 Ra1 49. Qc4+ Kd7 50. Qf4 Rxg5+ 51. Kh4 Rag1
1/2-1/2

[Event "Tata Steel Challengers 2019"]
[Site "Wijk aan Zee NED"]
[Date "2019.01.22"]
[Round "9"]
[White "Saduakassova, D."]
[Black "Maghsoodloo, Parham"]
[Result "0-1"]
[WhiteElo "2472"]
[BlackElo "2679"]
[PlyCount "88"]
[EventDate "2019.01.11"]

1. Nf3 c5 2. c4 Nf6 3. Nc3 d5 4. cxd5 Nxd5 5. e3 Nxc3 6. bxc3 g6 7. h4 h6 8. d4
Bg7 9. Be2 O-O 10. h5 g5 11. O-O Nc6 12. Rb1 Qc7 13. Ba3 b6 14. Qc2 Rd8 15.
dxc5 e5 16. e4 Be6 17. Rfd1 Bf8 18. Rxd8 Rxd8 19. cxb6 axb6 20. Bxf8 Rxf8 21.
Qb2 Rb8 22. Nd2 Na5 23. Nf1 Nc4 24. Qb4 Rc8 25. a4 Kg7 26. Ng3 Kf6 27. Rd1 Na5
28. Ba6 Rd8 29. Rxd8 Qxd8 30. Nf1 Nc6 31. Qb1 g4 32. Ne3 Kg5 33. Bb5 Na5 34.
Nf5 Qd2 35. Ng7 Bb3 36. Qa1 Nb7 37. Bc6 Nc5 38. a5 Nd3 39. axb6 Qxf2+ 40. Kh1
Qh4+ 41. Kg1 g3 42. b7 Qh2+ 43. Kf1 Qh1+ 44. Ke2 Nf4+ 0-1

[Event "Tata Steel Challengers 2019"]
[Site "Wijk aan Zee NED"]
[Date "2019.01.23"]
[Round "10"]
[White "Keymer, Vincent"]
[Black "Kovalev, Vl"]
[Result "0-1"]
[WhiteElo "2500"]
[BlackElo "2687"]
[PlyCount "122"]
[EventDate "2019.01.11"]

1. c4 g6 2. d4 Bg7 3. Nf3 d6 4. g3 e5 5. Nc3 Nc6 6. dxe5 dxe5 7. Qxd8+ Kxd8 8.
Bg5+ f6 9. O-O-O+ Ke8 10. Nb5 Kf7 11. Nxc7 Rb8 12. Be3 Nh6 13. Nb5 Nf5 14. Bc5
a6 15. Nd6+ Nxd6 16. Bxd6 Ra8 17. e3 Be6 18. Nd2 Rhd8 19. Bc5 f5 20. Be2 e4 21.
Bb6 Rdc8 22. Kb1 Ne5 23. b3 a5 24. f3 a4 25. Bd4 Nc6 26. Bxg7 Kxg7 27. fxe4
fxe4 28. Kb2 Nb4 29. Nxe4 a3+ 30. Ka1 Rf8 31. Nc5 Rae8 32. Rd2 Rf2 33. Ne4 Rg2
34. Bf3 Rxd2 35. Nxd2 Rd8 36. Ne4 Rd3 37. Nc5 Rxe3 38. Nxe6+ Rxe6 39. Kb1 Re3
40. Rf1 b6 41. Bg4 h5 42. Bf3 Kh6 43. h3 g5 44. Ka1 Rc3 45. g4 Rc2 46. Be4
Rxa2+ 47. Kb1 Rb2+ 48. Ka1 Ra2+ 49. Kb1 Re2 50. Bf5 h4 51. Rd1 Kg7 52. Ka1 Ra2+
53. Kb1 Rh2 54. Be4 Re2 55. Bf5 Kf6 56. Rd6+ Ke7 57. Rd7+ Ke8 58. Rd1 Rh2 59.
Re1+ Kd8 60. Rd1+ Kc7 61. Rd7+ Kc6 0-1

[Event "Tata Steel Challengers 2019"]
[Site "Wijk aan Zee NED"]
[Date "2019.01.23"]
[Round "10"]
[White "Maghsoodloo, Parham"]
[Black "Bareev, E."]
[Result "1-0"]
[WhiteElo "2679"]
[BlackElo "2650"]
[PlyCount "61"]
[EventDate "2019.01.11"]

1. e4 c6 2. d4 d5 3. e5 Bf5 4. Nc3 e6 5. g4 Bg6 6. Nge2 c5 7. h4 h5 8. Nf4 Bh7
9. g5 Nc6 10. Qxh5 Nxd4 11. Nxe6 Nxe6 12. Bb5+ Ke7 13. g6 Bxg6 14. Qxh8 d4 15.
Bg5+ Nxg5 16. hxg5 dxc3 17. Rd1 Qc7 18. Rd7+ Qxd7 19. Bxd7 cxb2 20. O-O Kxd7
21. Qxg8 c4 22. Qh8 Kc7 23. Qh4 Rc8 24. Qd4 Bxc2 25. Qxb2 Bf5 26. g6 fxg6 27.
e6 Re8 28. Qb5 Rxe6 29. Qxc4+ Kb8 30. Rd1 Re8 31. Qf4+ 1-0

[Event "Tata Steel Challengers 2019"]
[Site "Wijk aan Zee NED"]
[Date "2019.01.23"]
[Round "10"]
[White "Korobov, A."]
[Black "L'Ami, E."]
[Result "1/2-1/2"]
[WhiteElo "2699"]
[BlackElo "2643"]
[PlyCount "135"]
[EventDate "2019.01.11"]

1. d4 d5 2. Bf4 Nf6 3. Nd2 e6 4. e3 Bd6 5. Bg3 O-O 6. Bd3 b6 7. Ngf3 Ba6 8. c4
c5 9. dxc5 bxc5 10. a3 h6 11. O-O Bxg3 12. hxg3 Nbd7 13. Qc2 Qe7 14. Rfe1 e5
15. e4 d4 16. b4 Bb7 17. b5 a5 18. a4 g6 19. Nb3 Kg7 20. Qd2 Qd8 21. Nh4 Re8
22. Re2 Qc7 23. f3 Nh5 24. Kf2 Ndf6 25. Rh1 Rh8 26. Ree1 Bc8 27. g4 Nf4 28. Bf1
Ne6 29. g3 Ng5 30. Bd3 Nd7 31. Nc1 Nb6 32. f4 Ne6 33. Ne2 Nxa4 34. f5 Ng5 35.
Nf4 Nc3 36. Nfxg6 fxg6 37. Nxg6 Bb7 38. Rxh6 Rxh6 39. Qxg5 Kh7 40. Qf6 Qg7 41.
Qd6 Rg8 42. Kg2 Qf7 43. Qxc5 Rgxg6 44. fxg6+ Qxg6 45. Qxe5 Qxg4 46. c5 Qh3+ 47.
Kf2 Rg6 48. c6 Bc8 49. Qe7+ Kg8 50. Bc4+ Be6 51. Bxe6+ Rxe6 52. Qd8+ Kh7 53. e5
Qh2+ 54. Kf3 Rg6 55. Qd7+ Kh6 56. g4 Qh3+ 57. Kf4 Nd5+ 58. Ke4 Qg2+ 59. Kxd4
Qd2+ 60. Kc5 Qxe1 61. Qxd5 a4 62. g5+ Rxg5 63. c7 Rxe5 64. c8=Q Rxd5+ 65. Kxd5
Qd2+ 66. Kc6 Qc3+ 67. Kb7 Qxc8+ 68. Kxc8 1/2-1/2

[Event "Tata Steel Challengers 2019"]
[Site "Wijk aan Zee NED"]
[Date "2019.01.23"]
[Round "10"]
[White "Praggnanandhaa, R."]
[Black "Chigaev, M."]
[Result "0-1"]
[WhiteElo "2539"]
[BlackElo "2604"]
[PlyCount "102"]
[EventDate "2019.01.11"]

1. e4 c5 2. Nf3 e6 3. d4 cxd4 4. Nxd4 Nc6 5. Nc3 Qc7 6. f4 a6 7. Nxc6 bxc6 8.
Bd3 d5 9. Qe2 Nf6 10. O-O Be7 11. Bd2 O-O 12. Rae1 Bb7 13. Kh1 g6 14. exd5 cxd5
15. f5 gxf5 16. Bxf5 d4 17. Bd3 Qc6 18. Ne4 Nxe4 19. Bxe4 Qxe4 20. Qxe4 Bxe4
21. Rxe4 h5 22. Rxd4 Rfd8 23. Rxd8+ Rxd8 24. Be3 f5 25. Kg1 Rc8 26. c3 Kf7 27.
Rd1 e5 28. Rd5 Ke6 29. Ra5 Rc6 30. Kf1 Bd8 31. Rc5 Rd6 32. Rc8 f4 33. Bc5 Rd7
34. Ke2 Kf5 35. Bf2 Be7 36. Ra8 h4 37. Rxa6 h3 38. g3 Bg5 39. Ra5 Rd2+ 40. Kxd2
fxg3+ 41. Kd3 gxh2 42. Rxe5+ Kxe5 43. Bg3+ Bf4 44. Bxh2 Bxh2 45. Ke3 Bg3 46.
Kf3 Be1 47. a4 Kd5 48. a5 Kc5 49. b3 Kb5 50. b4 Bh4 51. c4+ Ka6 0-1

[Event "Tata Steel Challengers 2019"]
[Site "Wijk aan Zee NED"]
[Date "2019.01.23"]
[Round "10"]
[White "Kuipers, S."]
[Black "Gledura, B."]
[Result "1/2-1/2"]
[WhiteElo "2470"]
[BlackElo "2615"]
[PlyCount "92"]
[EventDate "2019.01.11"]

1. e4 c5 2. Nf3 Nc6 3. d4 cxd4 4. Nxd4 e6 5. Nc3 Qc7 6. Be3 a6 7. Qf3 Bd6 8.
O-O-O Be5 9. Nxc6 bxc6 10. Bd4 Nf6 11. Bxe5 Qxe5 12. Qe3 Ng4 13. Qe1 Rb8 14. f3
Nf6 15. Qg3 Qxg3 16. hxg3 d5 17. Bd3 h6 18. g4 Rg8 19. Rhe1 Ke7 20. Na4 a5 21.
c4 Rd8 22. b3 Rb4 23. exd5 cxd5 24. cxd5 Nxd5 25. Bc4 Nf4 26. Re5 Rxd1+ 27.
Kxd1 Nxg2 28. Ke2 Bd7 29. Rxa5 Bxa4 30. Rxa4 Rxa4 31. bxa4 Kd6 32. a5 Kc5 33.
a6 Kb6 34. Kd3 g6 35. Ke4 h5 36. gxh5 gxh5 37. Bf1 Nh4 38. f4 Nf5 39. Ke5 Ne3
40. Bh3 h4 41. Kf6 Nd5+ 42. Kxf7 Nxf4 43. Bf1 e5 44. Kf6 h3 45. Bxh3 Nxh3 46.
Kxe5 Kxa6 1/2-1/2

[Event "Gibraltar Masters 2019"]
[Site "Caleta ENG"]
[Date "2019.01.22"]
[Round "1"]
[White "Kiik, Kalle"]
[Black "Vachier-Lagrave, Maxime"]
[Result "0-1"]
[WhiteElo "2410"]
[BlackElo "2780"]
[PlyCount "120"]
[EventDate "2019.01.22"]

1. Nf3 c5 2. c4 Nc6 3. Nc3 e5 4. e3 Nf6 5. d4 e4 6. Nd2 cxd4 7. exd4 Bb4 8. Be2
O-O 9. O-O Re8 10. Nb3 Bxc3 11. bxc3 h6 12. h3 d5 13. c5 Ne7 14. Bf4 Ng6 15.
Bh2 Bd7 16. Re1 Nh7 17. Bg4 Bxg4 18. Qxg4 Re6 19. Rab1 Nf6 20. Qg3 Rc8 21. Nd2
b6 22. cxb6 axb6 23. Rb3 Ra8 24. a3 Qf8 25. c4 Rc8 26. Rc3 dxc4 27. Rxc4 Ra8
28. a4 Qd8 29. Rec1 Nd5 30. Qb3 e3 31. Nf3 Ngf4 32. Bxf4 Nxf4 33. fxe3 Ne2+ 34.
Kf2 Nxc1 35. Rxc1 Rc8 36. Rxc8 Qxc8 37. d5 Rd6 38. e4 Qc5+ 39. Qe3 Qc2+ 40. Kg1
Qxa4 41. Nd4 g6 42. Kh2 h5 43. Qf4 Rd7 44. Nc6 Qa3 45. Qb8+ Kg7 46. Qxb6 Qd6+
47. Kh1 Qf4 48. Qb2+ f6 49. Qb1 Qe3 50. Qb4 Qc1+ 51. Kh2 Qf4+ 52. Kh1 Kh7 53.
Qb1 Rc7 54. Qb8 Qd6 55. Qb6 Re7 56. Qb1 Rf7 57. Qb3 Rg7 58. g3 Qc5 59. Kg2 Qc1
60. Qb4 Qe3 0-1